[Event "EU-Cup 18th"]
[Site "Kallithea"]
[Date "2002.09.23"]
[Round "2.6"]
[White "Karjakin, Sergey"]
[Black "Kotsur, Pavel"]
[Result "1-0"]
[WhiteElo "2523"]
[BlackElo "2573"]
[Annotator "Avrukh,B"]
[PlyCount "61"]
[EventDate "2002.09.22"]
[EventType "team-swiss"]
[EventRounds "7"]
[EventCountry "GRE"]
[SourceTitle "CBM 092"]
[Source "ChessBase"]
[SourceDate "2003.02.06"]
[SourceVersion "1"]
[SourceVersionDate "2003.02.06"]
[SourceQuality "1"]
[WhiteTeam "Momot Alexander"]
[BlackTeam "Tomsk 400"]
[WhiteTeamCountry "UKR"]
[BlackTeamCountry "RUS"]

{[%mdl 1]} 1. e4 d6 2. d4 g6 3. Nc3 c6 4. f4 d5 5. e5 h5 6. Nf3 Nh6 7. Be3 Qb6
$6 {This idea looks doubtfull for me ,black doesn't achieve anything.} (7...
Bg4 $142) 8. Na4 Qa5+ 9. c3 Bg4 10. Nc5 Qc7 (10... Nf5 11. Bf2 e6 12. Nb3 (12.
Nxb7 $6 Qb6 13. Qb3 Bxf3 14. gxf3 Bh6 $13 {[%csl Gf4]}) 12... Qb6 13. h3 Bxf3
14. Qxf3 {[%cal Gg2g4]} h4 15. Bd3 Nd7 16. O-O Be7 17. Rab1 Kf8 18. Nd2 Kg7 19.
Qe2 $1 $14 {[%csl Gh4][%cal Gd2f3] 1-0 Luther,T-Gurevich,M/Cappelle la Grande
1998/CBM 63 ext (72)}) 11. h3 Nf5 12. Bf2 Bxf3 13. Qxf3 b6 14. Nd3 $1 $146 {
Not only a good novelty,but also a very nice idea,hiding after this move.} ({
Before was played} 14. Nb3 {[%cal Gg2g4]} h4 15. Bd3 e6 16. O-O Qb7 (16... Nd7
17. c4 $1) 17. Qe2 a5 18. Nd2 Be7 19. Nf3 $16 {1/2-1/2 Bologan,V-Badea,B/
Sovata 1999/EXT 2000 (29) also clearly better for white}) 14... h4 (14... e6
15. g4 $16) 15. e6 $3 {Brilliant positional sacrifice} fxe6 $2 {[%csl Ge6,Ge7,
Rf8,Gg6]} (15... f6 $142 16. O-O-O (16. c4 $2 dxc4 17. Nb4 Qd6 $1 {[%cal Gd6b4,
Gd6e6]}) 16... Qd6 17. Re1 Na6 (17... a5 {[%cal Gb8a6] too slow} 18. g4 hxg3
19. Bxg3 Na6 20. Rg1 Nc7 21. Bf2 {[%csl Gg6]} Nxe6 22. Rxg6 $16) 18. Qg4 Rh6
19. Ne5 $1 fxe5 20. dxe5 Qxe6 21. Bxa6 $16) 16. Qg4 Rh6 17. Ne5 Nd7 18. Bd3 (
18. Nxg6 $4 Nf6 19. Qg5 Rh5 {[%csl Rg5]}) 18... Bg7 ({After} 18... Nxe5 19.
fxe5 {[%csl Gf8]} O-O-O 20. O-O Kb8 21. b4 {black remains with very bad bishop
and cannot do anything against white activity on the queenside.}) 19. O-O (19.
Nxd7 Qxd7 20. O-O O-O-O 21. Rfe1 Bf6 22. Re2 {[%cal Ga1e1] was also
interesting option}) 19... Bxe5 (19... Nxe5 20. fxe5 O-O-O {[%csl Gg7]} 21. Be1
$5 {[%cal Ge1d2] and black losing g-pawn} (21. a4 $16)) 20. fxe5 $16 {Now
position is clearified,white is much better,black has very passive position
without any game.White needs only to open position for his bishops to decide
the game.} Nf8 (20... O-O-O 21. c4 $1 (21. b4 $16) 21... dxc4 22. Bxc4 {
[%csl Ge6]} Nf8 23. Rac1 {[%csl Gc6] black is hopeless against white attack by
c-file} Kb8 $140 24. Bb5) 21. a4 (21. c4 dxc4 22. Bxc4 $16) 21... c5 {Only
helps white to open position} (21... a5 $142) 22. b3 (22. Bb5+ {was
interesting option too} Nd7 (22... Kd8 23. Bxh4 {[%csl Gf8]} c4 (23... a6 24.
Bg5 $1) 24. Ba6 $1) 23. Be1 {[%cal Ge1d2]} O-O-O $8 24. Bd2 Rhh8 25. a5 $40)
22... cxd4 (22... Kf7 $2 23. Bxh4 $18) 23. cxd4 Qc3 24. Qd1 Nxd4 $2 {Just
blundering a piece,but telling the truth black position was already extremely
bad.} (24... Qc7 $142 25. Rc1 Qd8 26. Ba6 Kf7 27. Rc6 $16 {[%cal Gd1g4,Gf1c1]
easily developing the initiative}) (24... Rc8 25. Ba6 (25. Ra2 $5 {[%cal Ga2c2]
}) 25... Rc7 (25... Ne3 26. Bxe3 Qxe3+ 27. Kh1 Rc7 28. Ra2 $18 {[%cal Ga2f2]})
26. Rc1 Qxc1 27. Qxc1 Rxc1 28. Rxc1 $18) 25. Rc1 Qb2 (25... Qb4 26. Qg4 $1 $18
{[%cal Gg4b4]}) 26. Be3 $18 {[%cal Gf1f2] Now game is over ,white winning a
piece.} Rh8 (26... g5 27. Rf2) 27. Rf2 (27. Bxg6+ Nxg6 28. Bxd4 Qa3 29. Qc2 $18
{[%cal Gc2c6,Gc2g6]}) 27... Qxb3 28. Bxd4 Qxd1+ 29. Rxd1 Rc8 30. Rdf1 Rg8 31.
Rxf8+ $1 {Nice blow to finish the game .Very nice game by young talent.} (31.
Rxf8+ Rxf8 32. Bb5+ $1) 1-0

[Event "Asia-ch 4th"]
[Site "Doha"]
[Date "2003.03.01"]
[Round "8"]
[White "Neelotpal, Das"]
[Black "Rahman, Ziaur"]
[Result "1-0"]
[WhiteElo "2406"]
[BlackElo "2542"]
[Annotator "Avrukh,B"]
[PlyCount "73"]
[EventDate "2003.02.22"]
[EventType "swiss"]
[EventRounds "9"]
[EventCountry "QAT"]
[SourceTitle "CBM 094"]
[Source "ChessBase"]
[SourceDate "2003.05.26"]
[SourceVersion "1"]
[SourceVersionDate "2003.05.26"]
[SourceQuality "1"]

1. e4 g6 2. d4 Bg7 3. Nc3 c6 4. Nf3 d6 5. Bc4 e6 $2 {[%mdl 4] In my opinion
this set-up is very passive for black.This game really shows a very good
example of white's play against this system.} (5... Nf6 $142) 6. O-O Ne7 7. Bf4
{Absolutely the best square for the white bishop.} h6 8. h4 $1 {Avoiding a
typical idea of geting a space on the kingside after g6-g5 and Ng6.} (8. a4 b6
9. Qd3 a6 10. Ne2 Bb7 11. c3 Qc7 12. e5 d5 13. Bb3 c5 14. Bc2 Nbc6 15. Qd2 Rc8
$13 {0-1 Vernadet,B-Weill,R/Val d'Isere 2002/EXT 2003 (50)}) 8... b5 (8... d5
9. Bd3 dxe4 10. Nxe4 O-O 11. c3 {and white has a clear edge}) 9. Bd3 Bb7 $146 (
9... a6 10. Qd2 {[%csl Rh6]} Qc7 11. e5 d5 12. Ne2 c5 13. dxc5 Qxc5 14. a4 b4
15. Ned4 Nbc6 16. Rfe1 Bd7 17. Nb3 Qa7 18. Be3 Qb8 19. Bc5 $16 {1-0 Hort,
V-Kagan,S/Hastings 1977/MCD (40)}) (9... O-O 10. Qd2 Kh7 11. e5 $16 {[%cal
Gh4h5]}) 10. Qd2 a6 11. e5 d5 (11... dxe5 12. Bxe5 $1 (12. dxe5 $143 c5 13. Qe2
Bxf3 14. Qxf3 Nbc6 $132 {[%csl Ge5]}) 12... Bxe5 (12... O-O 13. Ne4 Nd7 14.
Bxg7 Kxg7 15. h5 $40) 13. Nxe5 {[%csl Gf6,Gg7,Gh6]} (13. dxe5 c5)) 12. a4 {
Creating some pressure on the queenside.} Nd7 13. Nd1 {[%cal Gd1e3]} (13. Ne2 {
[%cal Ge2c1,Gc1b3] was another interesting option}) 13... Nf5 {[%csl Gh4]} 14.
g3 (14. Bxf5 gxf5 {[%cal Gc6c5]}) 14... Qb6 15. c3 c5 16. Ne3 Rc8 $6 (16... c4
17. Bc2 Nxe3 18. Bxe3 h5 19. Ng5 Ke7 20. Rfb1 $1 $16 {[%cal Gb2b3]}) 17. axb5
axb5 18. h5 $2 ({White has played a perfect game,but this logical move appears
to be a clear unaccuracy,which give black tactical chances.Logically and
strong was:} 18. Nxf5 $142 gxf5 19. dxc5 $1 Nxc5 20. Be3 $16 {[%csl Rb5,Gd4]
[%cal Gb2b4]}) 18... Ne7 (18... Nxd4 $5 {was very interesting tactical try} 19.
cxd4 g5 {[%csl Rf4]} 20. dxc5 (20. Ng4 gxf4 21. Qxf4 c4 22. Bc2 Ra8 $13) 20...
Nxc5 21. Nf5 exf5 22. Be3 d4 $1 {[%cal Gb7h1]} 23. Nxd4 Nxd3 24. Qxd3 O-O 25.
Nxf5 Qe6 $13 {[%csl Rg1]}) 19. hxg6 Nxg6 $2 (19... fxg6 $143 20. Ng4 c4 21. Bc2
g5 22. Be3 Rf8 23. Kg2 Nf5 24. Rh1 $14) 20. Ng4 h5 (20... Nxf4 21. Qxf4 c4 22.
Bc2 $16 {[%cal Gg1g2,Gf1h1]}) 21. Nf6+ Nxf6 (21... Bxf6 22. exf6 Nxf4 23. Qxf4
c4 24. Bc2 Qd8 {[%csl Gf6]} (24... Qc7 25. Ne5 $16) 25. Ra7 Rb8 26. Rfa1 $18
Qxf6 $140 27. Qxf6 Nxf6 28. Rxb7 Rxb7 29. Ra8+ {[%cal Ga8h8]}) 22. exf6 Bxf6
23. Bxg6 fxg6 24. Be5 $1 Bxe5 (24... O-O 25. Qh6) (24... Rf8 25. Qh6 $1 {
[%csl Rg6]}) 25. Nxe5 $18 {After very nice pawn sacrifice white got absolutely
winning position.Black king remains in the centre and the difference between
white knight on e5 and black passive bishop on b7 is decisive.Black simply
hopeless against white threats.} Rg8 26. Qf4 {[%cal Gf4f7]} Rc7 (26... Qc7 27.
Ra7 Ra8 28. Qf6 $1 Rxa7 29. Qxe6+ Kf8 30. Qf6+ Ke8 31. Nxg6 {[%cal Gf1e1]} Kd7
32. Qf7+ $18) 27. Rfe1 {[%csl Re6][%cal Gf4f6]} cxd4 (27... c4 28. Qf6 Bc8 29.
Ra8 $1 {doesn't help black either}) 28. cxd4 (28. Qf6 {was winning in a spot})
28... Rf8 29. Qd2 g5 (29... Rg8 30. Qb4 {[%cal Ga1a5,Ga5b5]}) 30. Rac1 Rf5 (
30... Rg7 31. Rc5 {[%cal Gd2b4]}) 31. Rxc7 Qxc7 32. Qe2 $1 {[%cal Ge2h5,Ge2b5]
This double attack decides the game immediately} h4 33. Qh5+ Kd8 34. Qh8+ Ke7
35. g4 Qa5 36. b4 (36. Qg7+ Ke8 37. Qd7+ Kf8 38. Ng6+ Kg8 39. Qe8+ Kg7 40. Qh8+
Kf7 41. Qf8+ Kxg6 42. Rxe6+ {with mate}) 36... Qxb4 37. Rc1 {[%csl Rf5][%cal
Gc1c7]} 1-0

[Event "POL-ch 60th"]
[Site "Warsaw"]
[Date "2003.04.24"]
[Round "3"]
[White "Macieja, Bartlomiej"]
[Black "Urban, Klaudiusz"]
[Result "1-0"]
[WhiteElo "2634"]
[BlackElo "2451"]
[Annotator "Avrukh,B"]
[PlyCount "103"]
[EventDate "2003.04.22"]
[EventType "tourn"]
[EventRounds "13"]
[EventCountry "POL"]
[EventCategory "12"]
[SourceTitle "CBM 095"]
[Source "ChessBase"]
[SourceDate "2003.07.25"]
[SourceVersion "1"]
[SourceVersionDate "2003.07.25"]
[SourceQuality "1"]

1. e4 g6 2. d4 Bg7 3. Nf3 d6 4. Bc4 Nc6 5. Ng5 $5 {A very original idea using
the fact that 5...e6 is very dangerous; white forces black to play Nh6 and is
hoping to use black bad-palced knight in the future. I am not sure that this
line promises white any advantage, since white's knight on g5 is misplaced too.
} Nh6 (5... e6 6. d5 $1 {That's the point} Ne5 (6... exd5 $2 7. Qxd5 $18 {
[%csl Gf7]} (7. Nxf7 $1 $18)) 7. dxe6 Nxc4 8. exf7+ Ke7 9. fxg8=Q Qxg8 10. Nc3
$36 {[%csl Re7]}) 6. d5 (6. c3 O-O 7. O-O {leads to a very complicated game})
6... Ne5 7. Be2 c6 $146 (7... Ng8 $6 8. f4 Nd7 9. O-O Ngf6 10. Nc3 c6 11. Be3
O-O 12. Bd4 $14 {1-0 Popovic,P-Gazik,I/Debrecen 1992/EU-chT (40) and white got
a clear space advantage} (12. Kh1 $5)) 8. c4 {With the clear idea to take
withthe c-pawn on d5, in order not to allow black's knight to come into play
via the f5-square.} (8. Nc3 $5) 8... Ng8 $2 {This is too much for the opening,
black takes advance measure and improves the position of his knight. But in
fact this lose of two tempi allows white to get a clear edge.} (8... O-O $142
9. O-O (9. h4 $2 Qb6 {[%csl Gf2][%cal Gh6g4]}) (9. h3 {[%csl Gg4]} Qa5+ $1 10.
Bd2 Qb6 11. Bc3 f5 $132) 9... Nhg4 (9... Qb6 $5) 10. f4 $140 Qb6+ 11. Kh1 Ne3
12. Bxe3 Qxe3 {[%csl Gg5]} 13. Nc3 Nd7 {[%csl Gg7] and black cannot be worse
with such a strong dark-squared bishop}) 9. O-O ({Inaccurately is} 9. f4 {
since that gives black interesting option:} h6 $5) 9... Nf6 10. Nc3 O-O 11. f4
Qb6+ 12. Kh1 Ned7 (12... Neg4 $6 13. Qe1 (13. Qd3 $5 Nf2+ $140 14. Rxf2 Qxf2
15. Be3 Qh4 16. g3 Qh6 17. f5 {[%csl Gh6] extremely dangerous for black}) 13...
Ne3 (13... h6 14. Nf3) 14. Na4 (14. c5 $143 Qxc5 15. b4 Qd4 16. Nf3 Qxb4 17.
Bxe3 Nxe4 $13) 14... Qa6 15. Bxe3 (15. Nc5 $6 dxc5 16. Bxe3 h6 {[%csl Ge4]})
15... Qxa4 16. b3 (16. Bd4 $5 h6 17. Nf3 Nxe4 $140 $2 18. Bxg7 Kxg7 19. Bd1
Qxc4 20. Bb3 {[%csl Ge4]}) 16... Qa3 17. e5 Ng4 18. Bxg4 (18. Qh4) 18... Bxg4
19. Nxh7 $1 (19. Qh4) 19... Kxh7 20. Qh4+ Bh5 21. g4 $40) 13. Qe1 {[%cal Ge1h4]
} (13. Rb1 $5) 13... cxd5 14. cxd5 (14. exd5 $143 Nc5 $13) 14... h6 (14... Nc5
$2 15. e5 Nfd7 16. Qh4 h6 17. Nf3 $16) 15. Nf3 (15. Nh3 $2 Nc5 16. Nf2 e6 $132)
15... Nc5 16. Bc4 $2 {Allows black to create serious counterplay.} (16. e5 $1
Nfe4 (16... Nfd7 17. Qg3 $16 {[%csl Gd7,Gg7]}) 17. Nxe4 Nxe4 18. Bc4 f5 19. b3
Bd7 20. Be3 Qd8 21. Rc1 $16) 16... e6 (16... Bg4 $5) 17. Rb1 {[%cal Gb2b4]} (
17. e5 Nxd5 $1 (17... dxe5 18. fxe5 Nxd5 19. Bxd5 exd5 20. Nxd5 Qd8 21. Nf6+
Bxf6 22. exf6 $36 {[%csl Gh6]}) 18. Bxd5 exd5 19. Nxd5 Qd8 20. Be3 b6 $13 {
[%cal Gc8a6]}) 17... exd5 (17... a5 $143 18. Be3) 18. Nxd5 Nxd5 19. Bxd5 Be6 (
19... Nd3 {Another interesting option was:} 20. Qg3 Nb4 $1 {very unexpected
computer's idea} (20... Nxc1 21. Rbxc1 Kh8 22. Nd2 {[%cal Gd2c4]} Qxb2 23. Nc4
Qf6 24. f5 $1 $40) 21. Bb3 Nxa2 $1 (21... d5 22. Ne5 $40 (22. f5 dxe4 $13)) 22.
Bxa2 Qa6 {[%csl Gf1][%cal Ga6a2]} 23. Bxf7+ Rxf7 24. Bd2 d5 $1 25. exd5 Bf5 $44
{[%cal Ga6d3]}) 20. Bxe6 Nxe6 $2 (20... fxe6 $142 $1 21. Be3 (21. Bd2 Rac8 $13)
21... Qc6 {[%csl Ge4]} 22. e5 (22. Bxc5 Qxc5 23. Qg3 Kh7) 22... Nd3 23. Qd2
dxe5 24. Qxd3 e4 25. Qe2 exf3 26. Rxf3 $11) 21. f5 $40 Nc5 (21... Nd4 22. Be3
Nxf3 23. Rxf3 {[%cal Gf5f6]} Qd8 24. Qg3 Qe7 25. Rbf1 $1 $40 {[%cal Gf5f6]})
22. Qh4 Qd8 ({Immediately loses} 22... g5 23. Bxg5 hxg5 24. Nxg5 Rfe8 25. f6 $1
) (22... Rae8 23. f6 Bh8 24. Bxh6 Rxe4 25. Qh3 Rfe8 26. Bg7 $1 $18 {[%cal
Gf3g5]}) 23. Bg5 $1 f6 (23... hxg5 $2 24. Nxg5 Re8 25. Qh7+ Kf8 26. f6 $18) 24.
Bxh6 g5 25. Nxg5 $6 {Missing a very nice win after:} (25. Bxg5 $1 fxg5 26. Nxg5
{[%cal Gh4h7]} Rf6 27. e5 {[%cal Gh4c4]} Rh6 (27... dxe5 28. Qc4+ Kh8 29. Qxc5
$18) 28. Qg4 $3 {[%cal Gf5f6] keeping the option of Qc4 check} (28. Qc4+ d5 29.
Qxc5 (29. Qg4 Qe8 $1 {[%cal Ge8h5]}) 29... Qxg5 30. Qxd5+ Kh8 $13 31. f6 $140
$2 Bxf6 32. Qxb7 Rxh2+ 33. Kxh2 Bxe5+ $19) 28... Qe8 29. Qc4+ (29. f6 Qxe5 {
[%csl Gh2]}) 29... Kf8 30. f6 $18) ({Strangely enough,but after} 25. Qh3 Qe7 $1
(25... Bxh6 $143 26. Qxh6 Nxe4 27. Nd4 $18 {[%csl Re6]}) 26. Rbe1 Rae8 27. Bxg7
Kxg7 {black has some compensation for the pawn}) 25... fxg5 (25... Bxh6 $143
26. Qxh6 fxg5 27. Qg6+ Kh8 28. f6 Qd7 29. f7 Qe6 30. Rf6 Qxe4 31. Qh5+ Qh7 32.
Rh6 $18) 26. Bxg5 Bf6 27. Rf3 Kf7 $2 (27... Bxg5 $144 28. Rg3 Nxe4 (28... Qf6
29. Rxg5+ Kf7 30. Qh7+ Ke8 31. Rg6) 29. Qxe4 Kh8 30. Rh3+ Kg7 31. f6+ Rxf6 32.
Qh7+ Kf8 33. Re1 $18 {[%csl Ge7,Ge8]}) (27... Rf7 $142 $1 28. Rg3 (28. Rh3 Qe7
29. Re1 {[%cal Ge1e3]} Rc8 30. Ree3 Nd7 31. Reg3 Kf8 {and black should hold})
28... Bxg5 29. Rxg5+ Rg7 30. Rxg7+ Kxg7 31. Qg3+ (31. Qg4+ Kf8 32. Qg6 Qe7 $1)
31... Kf8 32. e5 dxe5 33. Qxe5 Rc8 {white still is better right here, but he
has no concrete way to victory, black has reasonable chances to survive.}) 28.
Qh7+ (28. e5 Rh8 $1 (28... Bxg5 29. Qh5+ Ke7 30. Qxg5+ Kd7 31. e6+ $18) 29.
Qc4+ d5 30. Qxc5 Bxg5 31. Rd1 $16) 28... Ke8 29. Qg6+ Kd7 (29... Rf7 30. Rh3
Nd7 31. Rh8+ Nf8 32. Bxf6 Qxf6 33. Qxf6 Rxf6 34. g4 {and black is hopelees
against white's pawn mass}) 30. e5 $1 Bxg5 (30... dxe5 31. Rd1+) 31. Qxd6+ Kc8
32. Qxc5+ Kb8 33. Re1 $18 a5 34. e6 (34. f6 Ra6 35. e6 Bxf6 36. e7 $18) 34...
Be7 35. Qe5+ Qc7 36. Qg7 $138 (36. f6 $142 $1 Qxe5 37. Rxe5 Rxf6 38. Rxf6 Bxf6
39. e7 Bxe7 40. Rxe7 $18 {[%csl Gg2,Gh2]}) 36... Ka7 (36... Ra6 $142 37. Ref1
Rf6 38. g4 $1 {[%cal Gg4g5]}) 37. f6 Rh8 {[%csl Gh2]} 38. h3 Rag8 39. Qxe7 Qc2
{[%csl Gg2] Somehow black has managed to create some play, but this appears to
be not enough.} 40. Rg1 Rxg2 41. Rxg2 Qd1+ 42. Kh2 Qxf3 43. Qc5+ Ka6 (43... Kb8
44. Qe5+ {[%cal Ge5g3]}) 44. Qc4+ Ka7 45. Qd4+ Ka6 46. h4 {now it's over} Qf5
47. f7 Qxe6 48. Qxh8 Qd6+ 49. Kh3 Qe6+ 50. Kg3 Qe3+ 51. Kg4 Qe4+ 52. Kh5 1-0

[Event "Pula zt 1.2"]
[Site "Pula"]
[Date "2000.04.19"]
[Round "8"]
[White "Beliavsky, Alexander G"]
[Black "Hickl, Joerg"]
[Result "1-0"]
[WhiteElo "2640"]
[BlackElo "2556"]
[Annotator "Avrukh,B"]
[PlyCount "37"]
[EventDate "2000.04.11"]
[EventType "swiss"]
[EventRounds "11"]
[EventCountry "CRO"]
[SourceTitle "CBM 077"]
[Source "ChessBase"]
[SourceDate "2000.07.27"]
[SourceVersion "1"]
[SourceVersionDate "2000.07.27"]
[SourceQuality "1"]

1. d4 d6 2. e4 g6 3. Nc3 Bg7 4. f4 a6 {In my opinion very risky variation and
rather uncorrect one.Black plays with fire in this variation and very often
white has a big development advantage,or black gets very passive position.} 5.
Nf3 b5 6. Bd3 Bb7 7. e5 Nd7 (7... c5 $5 8. dxc5 (8. e6 $2 f5 $1 {[%cal Gb7f3,
Gg7d4]} 9. dxc5 dxc5 10. Be3 Qc8 11. Qd2 Nf6 {with brilliant position for
black 1/2-1/2 Lobzhanidze,D-Rashkovsky,N/Ubeda ESP 2000/The Week in Chess 272 
(42)}) 8... dxe5 (8... dxc5 9. Be3 c4 10. Be4) 9. fxe5 Nd7 10. e6 $1 fxe6 11.
Ne4 Rc8 12. O-O Nxc5 13. Nxc5 Rxc5 14. Ng5 $14 {[%csl Re6,Rf7]} Qb6 $140 $2 15.
Be3 $16 {Yudasin}) 8. Ng5 $5 $146 (8. O-O e6 (8... c5 $5) 9. a4 $1 bxa4 (9...
b4 10. Ne4 d5 11. Nc5 Nxc5 12. dxc5 $16) 10. Ng5 (10. Rxa4 $5) 10... Nh6 $6 (
10... Ne7 $142) 11. Nce4 O-O 12. c3 (12. Qf3 $5 {[%cal Gf3h3]}) 12... Bc6 13.
Qf3 Bb5 14. c4 Bc6 15. Qh3 (15. Nf6+ $4 Bxf6 16. Qxc6 dxe5 $19) 15... Re8 {
[%cal Gd7f8]} 16. Nc3 Nf8 17. d5 $1 $16 {0-1 Lanka,Z-Beim,V/Linz 1997/CBM 59/
[Yudasin,L] (35)}) (8. Qe2 $5 b4 $2 (8... c5 $142) 9. Ne4 d5 10. Neg5 e6 11. g4
$16 {1-0 Gara,A-Parkanyi,A/Budapest HUN 2000 (33)}) 8... Nf8 $2 {[%mdl 16384]
Very strange move,which really difficult to explain,because the normal 8...e6
was typical move in this setup.Even if black wasn't losing so quickly,it's too
difficult for me to imagine how black can resist with so bad piecies on the
kingside.} (8... e6 $142 9. Nce4 (9. O-O Ne7) 9... d5 10. Nf2 c5 11. c3 Ne7 12.
O-O O-O $14) 9. Qe2 b4 (9... c5 10. Nxb5 dxe5 (10... axb5 11. Bxb5+ Nd7 12. e6
$18) 11. dxe5 h6 12. Ne4 axb5 13. Bxb5+ Nd7 14. Nxc5 $18) (9... dxe5 10. dxe5
c5 11. Be3 $32) 10. Nce4 f5 $2 (10... h6 11. Nf3 Ne6 12. Bd2 $16) 11. Bb5+ $3 {
[%mdl 64] Highly unexpected blow,which gives white the decisive advantage.} c6
(11... axb5 12. Qxb5+ Qd7 (12... Nd7 13. Qxb7 fxe4 14. Ne6 $18) 13. Qxb7 Rd8
14. Nf2 $18) 12. Qc4 {[%csl Gc6][%cal Gc4f7]} Kd7 13. Qf7 $18 cxb5 (13... Bh6
14. Nxd6 $1 $18) 14. Qxg7 Bxe4 15. Nxe4 fxe4 16. f5 $5 (16. Qxh8 Nh6 17. d5 $18
) 16... gxf5 17. Qxh8 Ne6 18. d5 Nc7 19. Qxh7 (19. Qxh7 Nxd5 20. Qxf5+ e6 21.
Qxe4 $18) 1-0